LEADER 01530nam0 2200301 450 001 000043123 005 20170801120221.0 100 $a20170628d2017----km-y0itay50------ba 101 0 $aeng 102 $aIT 105 $aa---m-------- 200 1 $aSecondary metabolites: extracts and pure compounds from Cornus Capitata and Cyperus Esculentus for human and envir9onmental applications$bTesi di dottorato$fstudent: Giacomo Napolitano$gcoordinator: Sabino Aurelio Bufo$gsupervisor: Laura Scrano$gco-supervisor: Giovanni Salzano 210 $a[Potenza]$d[2017] 215 $aV, 81 p.$cill.$d30 cm. 328 1$aTesi di dottorato: Università della Basilicata, Dottorato di ricerca in Scienze, XXIX ciclo, a.a. 2014-2016 676 $a630.24$v(22. ed.)$9Agricoltura e tecnologie connesse. Principi scientifici. Chimica 676 $a615$v(22. ed.)$9Farmacologia e terapeutica 686 $aAGR/13$cChimica agraria 700 1$aNapolitano,$bGiacomo$0758500 801 0$aIT$bUniversità della Basilicata - B.I.A.$gREICAT$2unimarc 912 $a000043123 996 $aSecondary metabolites: extracts and pure compounds from Cornus Capitata and Cyperus Esculentus for human and envir9onmental applications$91531929 997 $aUNIBAS CAT $aTTM$b30$c20170628$lBAS01$h0955 CAT $aTTM$b30$c20170628$lBAS01$h1142 CAT $aTTM$b30$c20170801$lBAS01$h1202 FMT Z30 -1$lBAS01$LBAS01$mBOOK$1BASA2$APolo Tecnico-Scientifico$2TDO$BTesi di Dottorato$3TDA.29c.NG1$643123-10$54312310$820170628$f98$FConsultazione